| 000 | 00605cam a22002172a 4500 | ||
|---|---|---|---|
| 001 | 008225 | ||
| 003 | AR-FADEU | ||
| 008 | 311216n1980####xxu####################dd | ||
| 092 |
_a335.401 _bM392-2 |
||
| 100 | _aMarx, Karl | ||
| 245 | _aCuadernos de París : notas de lectura de 1844 | ||
| 250 | _a2a. ed | ||
| 260 | _aMéxico | ||
| 260 | _bEdiciones Era | ||
| 260 | _c1980 | ||
| 300 | _a192 p | ||
| 440 | _aEl hombre y su tiempo | ||
| 500 | _aEstudio previo de Adolfo Sánchez Vázquez | ||
| 650 | _aCIENCIAS POLITICAS; MARXISMO; POLITICA-TEORIA; ECONOMIA; ECONOMIA POLITICA | ||
| 942 | _cBDGR | ||
| 999 |
_c14038 _d14038 |
||